| 000 | 01140cam a22003377a 4500 | ||
|---|---|---|---|
| 003 | CHAP | ||
| 005 | 20220329134925.0 | ||
| 008 | 971013s1968 r 00010 d | ||
| 010 | _a28139 | ||
| 011 | _a29111 | ||
| 035 | _a33222 | ||
| 040 | _cCHAP | ||
| 082 |
_a630.72 _bL35 |
||
| 100 | 0 | 0 |
_aLandbouwhogeschool. Wageningen. _964678 |
| 245 | 0 | _aDissertation abstracts of the Agricultural University, Wageningen, The Netherlands 1918-1968 | |
| 260 |
_aWageningen : _b(s.e.), _c1968 |
||
| 300 | _a349 p. | ||
| 490 | 0 |
_aMiscellaneous papers _v; 1 |
|
| 590 |
_aBATCH-UPD _b10 _c20130110 _lUCH01 _h2016 |
||
| 590 |
_aBATCH-UPD _b10 _c20130410 _lUCH01 _h1335 |
||
| 590 |
_aBATCH-UPD _b10 _c20140805 _lUCH01 _h1144 |
||
| 590 |
_aCONVERSION _b10 _c20130109 _lUCH01 _h1316 |
||
| 650 | 1 | 4 |
_aAgricultura _xHolanda. _91536 |
| 650 | 1 | 4 |
_aAgricultura _xInvestigación. _91577 |
| 650 | 1 | 4 |
_aTesis _xSumarios. _9112469 |
| 830 | 0 |
_aMiscellaneous papers _v; 1 _976161 |
|
| 901 | _aBK | ||
| 942 | _cLIBRO | ||
| 949 |
_a630.72 L35 _bBC _cC _d33724000563698 _eC _h11667 _i33222 _mD _si |
||
| 949 |
_a630.72 L35 _bBC _cLIBRO _d33724000042586 _eLIBRO _fc.2 _h15897 _i33222 _mD _si |
||
| 999 |
_c28139 _d28139 |
||